000 00468nam a2200157 i 4500
001 70389
003 ES-MaACL
007 t|
008 040722s1929 sp ||||1| spa d
100 1 _aGarcía Sanchiz, Federico,
_d1886-1964
_955269
245 1 3 _aEl viaje a España
_b: Andalucía y Extremadura /
_cFederico García Sanchiz.
260 _aMadrid :
_b[Blass,
_c1929]
300 _a340 p. ;
_c16 cm.
852 _aES-MaACL
_jB-3802
999 _c70389
_d70389